Построение плоских фигур и сечений по специальным заданиям

Bibliographische Detailangaben
1. Verfasser: Притуленко П. В. Павел Васильевич
Zusammenfassung:На английском языке
Sprache:Englisch
Veröffentlicht: Москва, Мир, 1980
Schlagworte:
Format: Buch
KOHA link:https://koha.lib.tpu.ru/cgi-bin/koha/opac-detail.pl?biblionumber=370422

MARC

LEADER 00000nam0a2200000 4500
001 370422
005 20231102012258.0
035 |a (RuTPU)RU\TPU\retro\27831 
035 |a RU\TPU\book\232751 
090 |a 370422 
100 |a 20220628d1980 k y0rusy50 ca 
101 1 |a eng  |c rus 
102 |a RU 
105 |a a z 001zy 
200 1 |a Построение плоских фигур и сечений по специальным заданиям  |d Plane figures and sections how to construct them given specific conditions  |f П. В. Притуленко 
210 |a Москва  |c Мир  |d 1980 
215 |a 164 с.  |c ил. 
300 |a На английском языке 
320 |a Библиогр.: с. 164 
454 1 |0 (RuTPU)RU\TPU\book\232751  |t Построение плоских фигур и сечений по специальным заданиям  |f П. В. Притуленко  |c Москва  |n Машиностроение  |d 1979  |p 134 с.  |a Притуленко, Павел Васильевич 
510 1 |a Plane figures and sections how to construct them given specific conditions  |z eng 
606 1 |a Начертательная геометрия  |2 stltpush  |3 (RuTPU)RU\TPU\subj\45211  |9 64468 
610 1 |a проекции 
610 1 |a построение 
610 1 |a плоские фигуры 
610 1 |a сечения 
610 1 |a задачи 
610 1 |a решение 
610 1 |a английский язык 
675 |a 514.18  |v 3 
700 1 |a Притуленко  |b П. В.  |g Павел Васильевич 
801 1 |a RU  |b 63413507  |c 20120405 
801 2 |a RU  |b 63413507  |c 20220628  |g RCR 
942 |c BK